00798 a2200169 4500003000500000005001700005010001300022040000900035082001200044100001800056245005200074260003900126300002000165505039800185600001800583650002700601NUST20230126184521.0 a68019949 cNust a900,WIL aWill, Durant  aThe lessons of history /cWill and Ariel Durant aSimon and SchusterbNew Yorkc1968 a117 ,p.;b26 cm aHesitations (Page-11), History and the Earth (Page-14), Biology and History (Page-18), Race and History (Page-25), Character and History (Page-32), Morals and History (Page-37), Religion and History (Page-43), Economics and History (Page-52), Socialism and History (Page-58), Government and History (Page-68), History and War (Page-81), Growth and Decay (Page-87), Is Progress Real (Page-95).  aDurant, Will, aThe lessons of history